000 00679nam a2200241Ia 4500
003 OSt
005 20220924113854.0
006 a|||||r|||| 00| 0
007 ta
008 220923b |||||||| |||| 00| 0 urd d
024 _a322110
037 _cTextual
040 _aARTS
_cARTS
_burd
041 _2urd
_aurd
082 _aU8.2.K56, 168N2
100 _aKhan Sayed Muzaffar Ali Au.
_9170574
245 0 _aFasana-e-saltnat mughlia
260 _aAgra
_bMatba Agra ajnar India
_c1992
650 _a TRAVEL
650 _aINDIA - GEOGRAPHY
_9170575
942 _hU8.2.K56, 168N2
_cTEXL
_2CC
999 _c390674
_d390674